Process Chemistry of Lubricant Base Stocks

Λεπτομέρειες βιβλιογραφικής εγγραφής
Κύριος συγγραφέας: Lynch Th. R. Thomas R.
Γλώσσα:Ρωσικά
Έκδοση: London, CRC Press, 2008
Σειρά:Chemical Industries Vol. 116
Θέματα:
Μορφή: MixedMaterials Βιβλίο
KOHA link:https://koha.lib.tpu.ru/cgi-bin/koha/opac-detail.pl?biblionumber=154553

MARC

LEADER 00000nam0a2200000 4500
001 154553
005 20231101221756.0
010 |a 9780849338496 
035 |a (RuTPU)RU\TPU\book\167646 
090 |a 154553 
100 |a 20090302d2008 k y0engy50 ba 
101 0 |a rus 
102 |a GB 
105 |a a z 001zy 
200 1 |a Process Chemistry of Lubricant Base Stocks  |f Th. R. Lynch 
210 |a London  |c CRC Press  |d 2008 
215 |a 369 p.  |c il. 
225 1 |a Chemical Industries  |v Vol. 116 
320 |a References at the end of chapters. 
606 1 |a Смазочные масла  |x Анализ  |x Нефтепродукты  |2 stltpush  |3 (RuTPU)RU\TPU\subj\34363  |9 56329 
610 1 |a химическая технология 
610 1 |a химия 
610 1 |a смазочные материалы 
610 1 |a английский язык 
610 1 |a нефтехимия 
675 |a 665.765  |v 3 
700 1 |a Lynch  |b Th. R.  |g Thomas R. 
801 1 |a RU  |b 63413507  |c 20090302  |g PSBO 
801 2 |a RU  |b 63413507  |c 20090310  |g PSBO 
942 |c BK